Quiz di cultura generale #5 - Statistics

Statistiche generali
  • Questo quiz è stato fatto 1.561 volte
  • Il punteggio medio è 7 su 20
Statistiche sulle risposte
DOMANDE RISPOSTE % Corretto
Se tu sei nato il primo agosto, di che segno sei? Leone
90%
Nella maggior parte dei libri di Harry Potter, chi era il preside di Hogwarts? Albus/Silente/Albus Silente
85%
Quale città ha ospitato le Olimpiadi del 1896? Atene
65%
Quale leader mondiale nacque nel 1936 a Buenos Aires come Jorge Bergoglio? Papa Francesco/Francesco
56%
Quale gara di musica internazionale hanno vinto gli ABBA e Celin Dion? Eurovision
55%
Qual è la nazione più a sud del mondo? (esclusi territori esterni) Cile
54%
Nell'originale Super Mario Brothers, chi è il nemico di Mario? Bowser
52%
Chi ha scritto "Les Miserables"? Hugo/Victor Hugo
44%
Molte città in Germania hanno la U-Bahn. Cos'è in Italia? Metro
34%
Come era formalmente chiamata Mumbai? Bombay
28%
Eccetto il sole, quale stella appare più luminosa dalla Terra? Sirio
27%
Cosa produce/fa il mixologist? Cocktail
19%
Quali sono i due stati osservatori dell'ONU? Palestina
17%
Chi è attualmente il CEO di Apple? Tim Cook/Cook
17%
Quale grande città ha come iniziali HCM? Ho Chi Minh
14%
Domanda di sopra Vaticano
14%
Scrivi correttamente la capitale del Myanmar Naypyidaw
12%
Quale provincia è a est della British Columbia in Canada? Alberta
9%
Quale "Monumento" è conosciuto come Ayers Rock? Uluru
7%
Qual è la regione più piccola della Spagna? Rioja
2%
Nessun quiz corrispondente trovato
Distribuzione punteggi
Percentuale di utenti per punteggio
Percentile per numero di risposta
I tuoi punteggi nel tempo
Non hai fatto questo quiz